Funkcje błon biologicznych - Statystyki

Ogólne statystyki
  • Ten quiz został rozwiązany 10 razy
  • Średni wynik to 1 z 20
Statystyki odpowiedzi
Odpowiedź % Poprawnych
Błona komórkowa
90%
Selektywna wymiana substancji pomiędzy komórką a otoczeniem (półprzepuszczalność)
20%
Błona śródplazmatyczna
10%
Budowanie różnych organelli
0%
Chroni przed zmiana składu chemicznego komórki
0%
Istnienie rejonów o różnych wartościach pH czy różnym stężeniu jonów
0%
Ogranicza kontakt i chroni przed środowiskiem zewnętrznym
0%
Ograniczenie współzawodnictwa procesów o wspólne substraty
0%
Otaczanie komórki
0%
Pełnienie funkcji enzymatycznych przez wiele białek błonowych
0%
Reakcja na bodźce chemiczne, mechaniczne, termiczne
0%
Rozdzielenie ewentualnych reagentów
0%
Tworzenie oznaczeń powierzchniowych - rozpoznawanie się komórek
0%
Uczestnictwo w pobieraniu i wydalaniu substancji
0%
Umożliwienie przewodzenia impulsów dzięki różnicy potencjału
0%
Umożliwienie transportu do i z komórki
0%
Utrzymywanie równowagi ciśnienia osmotycznego na zewnątrz i wewnątrz komórki
0%
Wyodrębnienie międzykomórkowych przestrzeni
0%
Zachodzenie w komórce przeciwstawnych reakcji
0%
Zapewnienie regulowanego kontaktu ze środowiskiem zewnętrznym
0%
Nie znaleziono quizów pasujących do podanych kryteriów
Rozkład punktacji
Procent ludzi z każdym wynikiem
Percentyl według liczby udzielonych odpowiedzi
Twoja historia wyników
Nie rozwiązałeś tego quizu